• 首页
  • 本馆介绍
  • 公告通知
  • 最新文献
  • 馆藏检索
  • 电子资源
  • 读者导购
  • 参考咨询
  • 我的图书馆
  • 登录
  • 详细信息显示
  • 放入我的书架
  • 预约/预借图书
  • 作者相关作品
  • 分类相关作品
  • 丛书相关作品
  • 出版社相关作品

书目信息

  • 表格格式
  • 工作单格式
  • 卡片格式
题名:
图说中国文化
    
 
作者: 王志 编著
分册:   思想卷
出版信息: 长春   吉林人民出版社  2007
页数: 208页
开本: 25cm
丛书名:
单 册:
中图分类: K203-64 , B212
科图分类:
主题词: 文化史--中国--通俗读物 , 思想史--中国--古代--通俗读物 , 文化史 , 思想史
电子资源:
ISBN: 978-7-206-05383-2
000 01007nam0 2200289 45
001 1050825234
005 20100419100347.70
010    @a978-7-206-05383-2@dCNY39.80
100    @a20100409e20092007em y0chiy50 ea
101 0  @achi
102    @aCN@b220000
105    @aa z 000yy
106    @ar
200 1  @a图说中国文化@ATu Shuo Zhong Guo Wen Hua@dIllustrated Introductions Of Chinese Culture@i思想卷@ISi Xiang Juan@f王志编著@FWang Zhi Bian Zhu@zeng
210    @a长春@c吉林人民出版社@d2007@h2009
215    @a208页@d25cm
330    @a本书内容包括:周公的“敬天保民”思想,庄子的自然主义社会观,司马迁的史学思想,汉代谶纬思想,玄学的名教自然之辩等。
510 1  @aIllustrated Introductions Of Chinese Culture@zeng
606 0  @a文化史@y中国@j通俗读物
606 0  @a思想史@y中国@z古代@j通俗读物
606 0  @a文化史
606 0  @a思想史
690    @aK203-64@v4
690    @aB212@v4
701  0 @a王志@AWang Zhi@4编著
801  0 @aCN@bTANGWEI@c20100419
905    @b0590856-57@dK203-64@e129:10@f2
    
    图说中国文化=Illustrated Introductions Of Chinese Culture.思想卷/王志编著.-长春:吉林人民出版社,2007(2009)
    208页;25cm
    
    
    ISBN 978-7-206-05383-2:CNY39.80
    本书内容包括:周公的“敬天保民”思想,庄子的自然主义社会观,司马迁的史学思想,汉代谶纬思想,玄学的名教自然之辩等。
●
相关链接 在E读中查询图书 在五车中查询图书 在当当中查询图书 在豆瓣中查询图书


正题名:图说中国文化     索取号:K203-64/129:10         预约/预借

序号 登录号 条形码 馆藏地/架位号 状态 备注
1 0590856   205908561   第二样本阅览室/ [索取号:K203-64/129:10] 在馆    
2 0590857   205908570   第二借阅区/ [索取号:K203-64/129:10] 在馆    
唐山师范学院图书馆 欢迎您!
大连网信软件有限公司© 版权所有